| 000 | 01174cam a2200169 4500500 | ||
|---|---|---|---|
| 005 | 20251214030006.0 | ||
| 041 | _afre | ||
| 042 | _adc | ||
| 100 | 1 | 0 |
_aBeldame, J. _eauthor |
| 700 | 1 | 0 |
_aMunoz, M.-A. _eauthor |
| 245 | 0 | 0 | _aRecurrent ingrown toenails: How should secondary surgery be managed? |
| 260 | _c2025. | ||
| 500 | _a90 | ||
| 520 | _aAn ingrown toenail is caused by mechanical conflict between the nail plate and the periungual groove. This conflict causes inflammation and weakening of the groove, leading to bacterial infection. Recurrence of an ingrown toenail that has been surgically treated refers to the reappearance of symptoms after surgical treatment. It usually occurs within 3 months of the initial procedure. Management of recurrences should not completely rule out a new non-surgical treatment in cases of minor relapse. If further surgery is indicated, it should be preceded by a thorough clinical examination and additional tests. | ||
| 786 | 0 | _nMédecine et chirurgie du pied | 40 | 1 | 2025-09-19 | p. 5-11 | 0759-2280 | |
| 856 | 4 | 1 | _uhttps://stm.cairn.info/journal-medecine-et-chirurgie-du-pied-2025-1-page-5?lang=en&redirect-ssocas=7080 |
| 999 |
_c1573335 _d1573335 |
||